000 00627nam a2200181Ia 4500
008 100917s9999 xx 000 0 und d
082 _b45891
100 _aरहाळकर कृ. के.
245 _aतारानगरच्या परिसरात
260 _bअरगडे कुलकर्णी प्रकाशन
_c1978
300 _a23
365 _b0.75
520 _aबालविभाग
630 _aतारानगरच्या परिसरात
650 _aबालविभाग
730 _aतारानगरच्या परिसरात
942 _cBOOK
999 _c651285
_d651282